[Event "blitmenteam"]
[Site "?"]
[Date "2016.10.07"]
[Round "1.2"]
[White "Ivanov, Alexander Al."]
[Black "Morozevich, Alexander"]
[Result "0-1"]
[LiveChessVersion "1.4.4"]
[BlackElo "2669"]
[WhiteElo "2313"]

1. e4 {[%clk 0:02:33]} c5 {[%clk 0:03:03]} 2. Nf3 {[%clk 0:02:34]} e6
{[%clk 0:03:03]} 3. g3 {[%clk 0:02:35]} Nc6 4. Bg2 Nf6 {[%clk 0:03:02]} 5. Qe2
{[%clk 0:02:36]} Be7 {[%clk 0:02:59]} 6. O-O {[%clk 0:02:37]} O-O
{[%clk 0:02:59]} 7. Re1 {[%clk 0:02:38]} e5 {[%clk 0:03:00]} 8. c4
{[%clk 0:02:38]} d6 {[%clk 0:02:53]} 9. Nc3 {[%clk 0:02:38]} Bg4 {[%clk 0:02:51]}
10. Qd3 {[%clk 0:02:22]} Nd4 {[%clk 0:02:42]} 11. Nxd4 {[%clk 0:02:19]} cxd4
{[%clk 0:02:43]} 12. Nd5 {[%clk 0:02:11]} Nxd5 {[%clk 0:02:44]} 13. cxd5
{[%clk 0:02:12]} Rc8 {[%clk 0:02:40]} 14. f3 {[%clk 0:02:12]} Bd7
{[%clk 0:02:40]} 15. Qb3 {[%clk 0:02:01]} Qc7 {[%clk 0:02:30]} 16. Bf1
{[%clk 0:01:24]} f5 {[%clk 0:02:26]} 17. Bb5 {[%clk 0:01:10]} fxe4
{[%clk 0:02:12]} 18. fxe4 {[%clk 0:01:11]} Bxb5 {[%clk 0:02:09]} 19. Qxb5
{[%clk 0:01:12]} Bg5 {[%clk 0:01:53]} 20. d3 {[%clk 0:00:59]} Qf7
{[%clk 0:01:44]} 0-1

[Event "blitmenteam"]
[Site "?"]
[Date "2016.10.07"]
[Round "1.4"]
[White "Ivlev, Aleksey"]
[Black "Motylev, Alexander"]
[Result "1/2-1/2"]
[LiveChessVersion "1.4.4"]
[BlackElo "2613"]
[WhiteElo "2331"]

1. d4 {[%clk 0:03:03]} d5 {[%clk 0:03:02]} 2. Nf3 {[%clk 0:03:04]} Nf6
{[%clk 0:03:02]} 3. Bf4 {[%clk 0:03:05]} e6 {[%clk 0:03:00]} 4. e3
{[%clk 0:03:05]} Bd6 {[%clk 0:03:01]} 5. Bg3 {[%clk 0:03:05]} O-O
{[%clk 0:03:00]} 6. Bd3 {[%clk 0:03:06]} c5 {[%clk 0:03:00]} 7. c3
{[%clk 0:03:07]} Nc6 {[%clk 0:02:57]} 8. O-O {[%clk 0:03:03]} b6 {[%clk 0:02:44]}
9. Nbd2 {[%clk 0:03:01]} Bb7 {[%clk 0:02:44]} 10. Ne5 {[%clk 0:03:00]} Qc7
{[%clk 0:02:27]} 11. f4 {[%clk 0:03:00]} Ne7 {[%clk 0:02:26]} 12. Qb1
{[%clk 0:02:42]} g6 {[%clk 0:02:20]} 13. Bh4 {[%clk 0:02:37]} Kg7
{[%clk 0:02:15]} 14. Qe1 {[%clk 0:02:28]} Ne4 {[%clk 0:01:44]} 15. Nxe4
{[%clk 0:02:10]} dxe4 {[%clk 0:01:45]} 16. Be2 {[%clk 0:02:10]} Nd5
{[%clk 0:01:09]} 17. Qg3 {[%clk 0:01:39]} f6 {[%clk 0:01:05]} 18. Nc4
{[%clk 0:01:28]} Be7 {[%clk 0:01:02]} 19. Rac1 {[%clk 0:01:21]} Rac8
{[%clk 0:01:02]} 20. Qf2 {[%clk 0:01:10]} b5 {[%clk 0:00:45]} 21. Na3
{[%clk 0:01:02]} a6 {[%clk 0:00:45]} 22. Nc2 {[%clk 0:00:46]} Qb6
{[%clk 0:00:39]} 23. Rcd1 {[%clk 0:00:25]} Rfd8 {[%clk 0:00:29]} 24. g4
{[%clk 0:00:22]} c4 {[%clk 0:00:23]} 25. f5 {[%clk 0:00:17]} exf5
{[%clk 0:00:24]} 26. gxf5 {[%clk 0:00:18]} g5 27. Bg3 a5 {[%clk 0:00:19]} 28. h4
{[%clk 0:00:21]} h6 29. Kg2 {[%clk 0:00:21]} b4 {[%clk 0:00:20]} 30. cxb4
{[%clk 0:00:17]} axb4 {[%clk 0:00:20]} 31. hxg5 {[%clk 0:00:17]} hxg5
{[%clk 0:00:20]} 32. Rh1 {[%clk 0:00:18]} b3 {[%clk 0:00:19]} 33. axb3
{[%clk 0:00:16]} cxb3 {[%clk 0:00:20]} 34. Ne1 {[%clk 0:00:15]} Rh8
{[%clk 0:00:17]} 35. Rxh8 {[%clk 0:00:14]} Rxh8 {[%clk 0:00:18]} 36. Kg1
{[%clk 0:00:15]} Qc6 {[%clk 0:00:09]} 37. Bf1 {[%clk 0:00:14]} Qd7
{[%clk 0:00:09]} 38. Ng2 {[%clk 0:00:14]} Bc8 {[%clk 0:00:09]} 39. Bc4
{[%clk 0:00:13]} Bb7 {[%clk 0:00:04]} 40. Bxb3 {[%clk 0:00:14]} Rc8
{[%clk 0:00:05]} 41. Qd2 {[%clk 0:00:15]} Qb5 {[%clk 0:00:06]} 42. Ba2
{[%clk 0:00:11]} Qa4 {[%clk 0:00:06]} 43. Bb1 {[%clk 0:00:10]} Qb3
{[%clk 0:00:06]} 44. Rc1 {[%clk 0:00:11]} Bb4 {[%clk 0:00:06]} 45. Qd1
{[%clk 0:00:10]} Qxd1+ {[%clk 0:00:06]} 46. Rxd1 {[%clk 0:00:12]} Nb6
{[%clk 0:00:07]} 47. Be1 {[%clk 0:00:12]} Bd6 {[%clk 0:00:08]} 48. Bd2
{[%clk 0:00:13]} Na4 {[%clk 0:00:08]} 49. Rc1 {[%clk 0:00:13]} Nxb2
{[%clk 0:00:09]} 50. Rxc8 {[%clk 0:00:14]} Bxc8 {[%clk 0:00:09]} 51. Kf2
{[%clk 0:00:14]} Bb7 {[%clk 0:00:11]} 52. Ne1 {[%clk 0:00:15]} Bd5
{[%clk 0:00:11]} 53. Bc3 {[%clk 0:00:14]} Na4 {[%clk 0:00:11]} 54. Bd2
{[%clk 0:00:16]} Nb6 {[%clk 0:00:11]} 55. Nc2 {[%clk 0:00:15]} Kf7
{[%clk 0:00:09]} 56. Nb4 {[%clk 0:00:16]} Bb7 {[%clk 0:00:09]} 57. Ba2+
{[%clk 0:00:18]} Ke7 {[%clk 0:00:09]} 58. Nc2 {[%clk 0:00:16]} Nd5
{[%clk 0:00:09]} 59. Bc1 {[%clk 0:00:14]} Kd7 {[%clk 0:00:06]} 60. Na3
{[%clk 0:00:15]} Nc3 {[%clk 0:00:05]} 61. Bb3 {[%clk 0:00:15]} Ba6
{[%clk 0:00:06]} 62. Nc4 {[%clk 0:00:13]} Bc7 {[%clk 0:00:05]} 63. Bd2
{[%clk 0:00:13]} Nd5 {[%clk 0:00:04]} 64. Ne5+ {[%clk 0:00:12]} fxe5
{[%clk 0:00:05]} 65. Bxd5 {[%clk 0:00:13]} exd4 {[%clk 0:00:05]} 66. exd4
{[%clk 0:00:14]} Bb6 {[%clk 0:00:05]} 67. Be3 {[%clk 0:00:14]} Ke8
{[%clk 0:00:05]} 68. Bxe4 {[%clk 0:00:15]} Kf7 {[%clk 0:00:06]} 69. Bd5+
{[%clk 0:00:16]} Kf6 {[%clk 0:00:07]} 70. Be4 {[%clk 0:00:16]} Bc8
{[%clk 0:00:08]} 71. d5 {[%clk 0:00:15]} Bxe3+ {[%clk 0:00:08]} 72. Kxe3
{[%clk 0:00:17]} Bxf5 {[%clk 0:00:09]} 73. Bxf5 Kxf5 {[%clk 0:00:10]} 74. Ke4+
Ke5+ 1/2-1/2

[Event "blitmenteam"]
[Site "?"]
[Date "2016.10.07"]
[Round "1.5"]
[White "Tekeyev, Zaur"]
[Black "Artemiev, Vladislav"]
[Result "0-1"]
[LiveChessVersion "1.4.4"]
[BlackElo "2781"]
[WhiteElo "2438"]

1. e4 {[%clk 0:03:02]} d6 {[%clk 0:03:02]} 2. d4 {[%clk 0:03:03]} g6
{[%clk 0:03:03]} 3. Nf3 {[%clk 0:03:00]} Nf6 {[%clk 0:03:03]} 4. Nc3
{[%clk 0:02:39]} Bg7 {[%clk 0:03:03]} 5. h3 {[%clk 0:02:31]} O-O {[%clk 0:03:02]}
6. Be3 {[%clk 0:02:32]} a6 {[%clk 0:03:01]} 7. a4 {[%clk 0:02:32]} Nc6
{[%clk 0:03:01]} 8. Bc4 {[%clk 0:02:28]} Nb4 {[%clk 0:02:32]} 9. Bb3
{[%clk 0:02:22]} b6 {[%clk 0:02:26]} 10. O-O {[%clk 0:02:10]} Bb7
{[%clk 0:02:27]} 11. e5 {[%clk 0:02:00]} dxe5 {[%clk 0:02:08]} 12. Nxe5
{[%clk 0:01:59]} e6 {[%clk 0:01:52]} 13. Bg5 {[%clk 0:01:59]} Qd6
{[%clk 0:01:50]} 14. Ne2 {[%clk 0:01:41]} c5 {[%clk 0:01:40]} 15. c3
{[%clk 0:01:24]} Nc6 {[%clk 0:01:41]} 16. Nc4 {[%clk 0:01:03]} Qc7
{[%clk 0:01:27]} 17. Bf4 {[%clk 0:00:57]} Qd8 {[%clk 0:01:26]} 18. Bd6
{[%clk 0:00:47]} cxd4 {[%clk 0:00:52]} 19. Bxf8 {[%clk 0:00:42]} Qxf8
{[%clk 0:00:53]} 20. Nxb6 {[%clk 0:00:34]} Rd8 {[%clk 0:00:50]} 21. cxd4
{[%clk 0:00:31]} Qb4 {[%clk 0:00:46]} 22. Nc4 {[%clk 0:00:31]} Nh5
{[%clk 0:00:45]} 23. Ba2 {[%clk 0:00:13]} Nxd4 24. Nxd4 {[%clk 0:00:14]} Bxd4
{[%clk 0:00:43]} 25. Qb3 {[%clk 0:00:15]} Qe7 {[%clk 0:00:43]} 26. Ne3
{[%clk 0:00:10]} Nf4 {[%clk 0:00:42]} 27. Rad1 {[%clk 0:00:09]} Ba8
{[%clk 0:00:29]} 28. Rfe1 {[%clk 0:00:05]} Qg5 {[%clk 0:00:26]} 29. g3
{[%clk 0:00:04]} Nxh3+ {[%clk 0:00:25]} 30. Kf1 {[%clk 0:00:05]} Bf3
{[%clk 0:00:19]} 31. Rd2 {[%clk 0:00:06]} Qh5 {[%clk 0:00:16]} 32. Qc4
{[%clk 0:00:05]} Nf4 0-1

[Event "blitmenteam"]
[Site "?"]
[Date "2016.10.07"]
[Round "1.7"]
[White "Rozhko, Dmitry"]
[Black "Timofeev, Artyom"]
[Result "1/2-1/2"]
[LiveChessVersion "1.4.4"]
[BlackElo "2578"]
[WhiteElo "2288"]

1. d4 {[%clk 0:03:03]} d5 {[%clk 0:03:03]} 2. Bf4 {[%clk 0:03:04]} e6
{[%clk 0:03:03]} 3. e3 {[%clk 0:03:05]} c5 {[%clk 0:03:04]} 4. c3
{[%clk 0:03:06]} Nc6 {[%clk 0:03:04]} 5. Nd2 {[%clk 0:03:06]} Bd6
{[%clk 0:03:04]} 6. Ngf3 {[%clk 0:02:59]} Bxf4 {[%clk 0:02:59]} 7. exf4
{[%clk 0:03:00]} cxd4 {[%clk 0:02:59]} 8. Nxd4 {[%clk 0:02:54]} Nf6
{[%clk 0:02:55]} 9. N2f3 {[%clk 0:02:47]} Qb6 {[%clk 0:02:52]} 10. Qb3
{[%clk 0:02:45]} Qc7 {[%clk 0:02:49]} 11. g3 {[%clk 0:02:42]} O-O
{[%clk 0:02:49]} 12. Bg2 {[%clk 0:02:28]} Na5 {[%clk 0:02:47]} 13. Qc2
{[%clk 0:02:20]} Nc4 {[%clk 0:02:47]} 14. O-O {[%clk 0:02:19]} Bd7
{[%clk 0:02:48]} 15. Rfe1 {[%clk 0:02:19]} Ne4 {[%clk 0:02:40]} 16. Ne5
{[%clk 0:02:10]} Ned6 {[%clk 0:02:39]} 17. Nxc4 {[%clk 0:02:06]} Nxc4
{[%clk 0:02:40]} 18. Bf1 {[%clk 0:02:04]} Rac8 {[%clk 0:02:40]} 19. Bxc4
{[%clk 0:01:56]} Qxc4 {[%clk 0:02:40]} 20. Qe2 {[%clk 0:01:56]} Rfe8
{[%clk 0:02:34]} 21. Qxc4 {[%clk 0:01:56]} Rxc4 {[%clk 0:02:35]} 22. Re2
{[%clk 0:01:50]} g6 {[%clk 0:02:31]} 23. Rae1 {[%clk 0:01:34]} Kf8
{[%clk 0:02:32]} 24. f3 {[%clk 0:01:29]} b5 {[%clk 0:02:32]} 25. a3
{[%clk 0:01:30]} a5 {[%clk 0:02:33]} 26. Nc2 {[%clk 0:01:24]} h6 {[%clk 0:02:21]}
27. h4 {[%clk 0:01:21]} Kg7 {[%clk 0:02:21]} 28. Kf2 {[%clk 0:01:22]} Kf8
{[%clk 0:02:16]} 29. Rd2 {[%clk 0:01:19]} Rcc8 {[%clk 0:02:12]} 30. g4
{[%clk 0:01:11]} Kg7 {[%clk 0:02:12]} 31. Re5 {[%clk 0:01:07]} Red8
{[%clk 0:02:11]} 32. Rd4 {[%clk 0:01:01]} Rh8 {[%clk 0:01:50]} 33. Re1
{[%clk 0:00:59]} Rb8 {[%clk 0:01:43]} 34. Kg3 {[%clk 0:00:59]} 1/2-1/2

[Event "blitmenteam"]
[Site "?"]
[Date "2016.10.07"]
[Round "1.8"]
[White "Hasangatin, Ramil"]
[Black "Shandrygin, Nikita"]
[Result "0-1"]
[LiveChessVersion "1.4.4"]
[BlackElo "2202"]
[WhiteElo "2519"]

1. d4 {[%clk 0:03:03]} d5 {[%clk 0:03:03]} 2. Nc3 {[%clk 0:03:05]} Nc6
{[%clk 0:03:04]} 3. Bf4 {[%clk 0:03:06]} Bf5 {[%clk 0:02:59]} 4. e3
{[%clk 0:03:06]} Nf6 {[%clk 0:03:00]} 5. Bb5 {[%clk 0:03:03]} e6 {[%clk 0:03:01]}
6. a3 {[%clk 0:02:54]} Bd6 {[%clk 0:03:01]} 7. Bg3 {[%clk 0:02:55]} O-O
{[%clk 0:03:00]} 8. Nf3 {[%clk 0:02:56]} Ne7 {[%clk 0:02:53]} 9. Ne5
{[%clk 0:02:51]} c5 {[%clk 0:02:19]} 10. dxc5 {[%clk 0:02:46]} Bxc5
{[%clk 0:02:14]} 11. O-O {[%clk 0:02:47]} Rc8 {[%clk 0:02:03]} 12. Bd3
{[%clk 0:02:48]} Bxd3 {[%clk 0:01:58]} 13. Nxd3 {[%clk 0:02:49]} Bd6
{[%clk 0:01:56]} 14. Rc1 {[%clk 0:02:19]} Bxg3 15. hxg3 {[%clk 0:02:21]} Nc6
{[%clk 0:01:54]} 16. Nf4 {[%clk 0:02:16]} Ne5 {[%clk 0:01:42]} 17. Qd4
{[%clk 0:02:03]} Nc4 {[%clk 0:01:21]} 18. Nd3 {[%clk 0:01:38]} Qb6
{[%clk 0:00:55]} 19. Qxb6 {[%clk 0:01:27]} Nxb6 {[%clk 0:00:46]} 20. Nb5
{[%clk 0:01:21]} a6 {[%clk 0:00:44]} 21. Nd4 {[%clk 0:01:22]} Nc4
{[%clk 0:00:41]} 22. a4 {[%clk 0:01:20]} g6 {[%clk 0:00:35]} 23. b3
{[%clk 0:01:20]} Nd2 {[%clk 0:00:35]} 24. Rfe1 {[%clk 0:01:14]} Nde4
{[%clk 0:00:35]} 25. Ne5 {[%clk 0:01:01]} Rfd8 {[%clk 0:00:29]} 26. g4
{[%clk 0:01:01]} Nd7 {[%clk 0:00:28]} 27. Nxd7 {[%clk 0:00:55]} Rxd7
{[%clk 0:00:29]} 28. f3 {[%clk 0:00:57]} Nc3 {[%clk 0:00:27]} 29. f4
{[%clk 0:00:17]} Ne4 {[%clk 0:00:22]} 30. g5 {[%clk 0:00:17]} Rc3
{[%clk 0:00:21]} 31. Kh2 {[%clk 0:00:09]} Rdc7 {[%clk 0:00:14]} 32. g3
{[%clk 0:00:09]} Nf2 {[%clk 0:00:09]} 33. Ra1 {[%clk 0:00:05]} Ng4+
{[%clk 0:00:09]} 34. Kg1 {[%clk 0:00:06]} Nxe3 {[%clk 0:00:10]} 35. Ra2
{[%clk 0:00:04]} Nf5 {[%clk 0:00:08]} 36. Nxf5 gxf5 {[%clk 0:00:09]} 37. Re2
{[%clk 0:00:04]} Rxg3+ {[%clk 0:00:10]} 38. Kf2 {[%clk 0:00:05]} Rg4
{[%clk 0:00:11]} 39. Kf3 {[%clk 0:00:07]} Rc3+ 40. Re3 Rg3+ {[%clk 0:00:11]} 41.
Kxg3 {[%clk 0:00:10]} Rxe3+ 42. Kf2 Re4 {[%clk 0:00:13]} 43. Kf3 {[%clk 0:00:13]}
Re1 {[%clk 0:00:12]} 44. Kf2 {[%clk 0:00:14]} Rc1 {[%clk 0:00:12]} 45. Ke2
{[%clk 0:00:16]} Kg7 {[%clk 0:00:14]} 46. Kd2 {[%clk 0:00:17]} Rh1
{[%clk 0:00:14]} 47. Ke3 {[%clk 0:00:18]} h6 {[%clk 0:00:15]} 48. gxh6+ Kxh6 49.
c4 {[%clk 0:00:18]} dxc4 {[%clk 0:00:15]} 50. bxc4 {[%clk 0:00:19]} Rd1
{[%clk 0:00:15]} 51. Rb2 {[%clk 0:00:20]} Rd7 52. Rg2 {[%clk 0:00:22]} f6
{[%clk 0:00:11]} 53. a5 e5 {[%clk 0:00:12]} 54. Rg8 {[%clk 0:00:22]} Kh7
{[%clk 0:00:12]} 55. Rg1 {[%clk 0:00:22]} e4 {[%clk 0:00:12]} 56. Ke2
{[%clk 0:00:22]} Rc7 {[%clk 0:00:12]} 57. Rb1 {[%clk 0:00:20]} 0-1

[Event "blitmenteam"]
[Site "?"]
[Date "2016.10.07"]
[Round "1.9"]
[White "Ponkratov, Pavel"]
[Black "Alexeev, Alexey"]
[Result "1-0"]
[LiveChessVersion "1.4.4"]
[BlackElo "2230"]
[WhiteElo "2679"]

1. e4 {[%clk 0:03:03]} c5 {[%clk 0:03:03]} 2. Nf3 {[%clk 0:03:04]} Nc6
{[%clk 0:03:04]} 3. d4 {[%clk 0:03:05]} cxd4 {[%clk 0:03:05]} 4. Nxd4
{[%clk 0:03:06]} Nf6 {[%clk 0:03:05]} 5. Nc3 {[%clk 0:03:08]} e5 {[%clk 0:03:06]}
6. Ndb5 {[%clk 0:03:09]} d6 {[%clk 0:03:07]} 7. Bg5 {[%clk 0:03:06]} a6
{[%clk 0:03:08]} 8. Na3 {[%clk 0:03:07]} b5 {[%clk 0:03:08]} 9. Nd5
{[%clk 0:03:08]} Be7 {[%clk 0:03:09]} 10. Nxe7 {[%clk 0:03:08]} Nxe7
{[%clk 0:03:07]} 11. Bxf6 {[%clk 0:03:03]} gxf6 {[%clk 0:03:08]} 12. c4
{[%clk 0:03:04]} O-O {[%clk 0:02:44]} 13. Bd3 {[%clk 0:03:03]} b4
{[%clk 0:02:44]} 14. Nc2 {[%clk 0:03:04]} a5 {[%clk 0:02:44]} 15. Ne3
{[%clk 0:03:03]} Kh8 {[%clk 0:02:38]} 16. O-O {[%clk 0:03:02]} Rg8
{[%clk 0:02:33]} 17. f4 {[%clk 0:03:00]} Ng6 {[%clk 0:02:19]} 18. fxe5
{[%clk 0:02:53]} dxe5 {[%clk 0:01:58]} 19. Nd5 {[%clk 0:02:54]} f5
{[%clk 0:01:54]} 20. exf5 {[%clk 0:02:52]} Nh4 {[%clk 0:01:46]} 21. g3
{[%clk 0:02:52]} Bb7 {[%clk 0:01:36]} 22. Be4 {[%clk 0:02:43]} Rc8
{[%clk 0:01:28]} 23. b3 {[%clk 0:02:43]} Rc6 {[%clk 0:01:17]} 24. Qh5
{[%clk 0:02:39]} Rd6 {[%clk 0:00:50]} 25. Rad1 {[%clk 0:02:38]} Bxd5
{[%clk 0:00:46]} 26. Rxd5 {[%clk 0:02:38]} Rxd5 {[%clk 0:00:38]} 27. Bxd5
{[%clk 0:02:39]} e4 {[%clk 0:00:30]} 28. Qxf7 {[%clk 0:02:02]} Rf8
{[%clk 0:00:12]} 29. Qa7 {[%clk 0:02:02]} Nf3+ {[%clk 0:00:06]} 30. Kh1
{[%clk 0:02:01]} Nd2 {[%clk 0:00:06]} 31. Qd4+ {[%clk 0:02:01]} 1-0

[Event "blitmenteam"]
[Site "?"]
[Date "2016.10.07"]
[Round "1.10"]
[White "Chos, Alexey"]
[Black "Khismatullin, Denis"]
[Result "0-1"]
[LiveChessVersion "1.4.4"]
[BlackElo "2604"]
[WhiteElo "2336"]

1. e4 {[%clk 0:03:04]} c5 {[%clk 0:03:02]} 2. Nf3 {[%clk 0:03:05]} d6
{[%clk 0:03:03]} 3. d4 {[%clk 0:03:06]} cxd4 {[%clk 0:03:04]} 4. Nxd4
{[%clk 0:03:07]} Nf6 {[%clk 0:03:05]} 5. Nc3 {[%clk 0:03:08]} a6 {[%clk 0:03:06]}
6. Bg5 {[%clk 0:03:09]} Nbd7 {[%clk 0:03:07]} 7. f4 {[%clk 0:03:08]} Qc7
{[%clk 0:03:04]} 8. Qf3 {[%clk 0:03:08]} h6 {[%clk 0:02:41]} 9. Bxf6
{[%clk 0:02:53]} Nxf6 {[%clk 0:02:42]} 10. h3 {[%clk 0:02:40]} g6
{[%clk 0:02:27]} 11. O-O-O {[%clk 0:02:40]} Bg7 {[%clk 0:02:28]} 12. g4
{[%clk 0:02:32]} e5 {[%clk 0:02:24]} 13. fxe5 {[%clk 0:02:28]} dxe5
{[%clk 0:02:24]} 14. Nb3 {[%clk 0:02:06]} O-O {[%clk 0:02:21]} 15. Kb1
{[%clk 0:02:05]} b5 {[%clk 0:02:18]} 16. Bg2 {[%clk 0:02:03]} Bb7
{[%clk 0:02:08]} 17. h4 {[%clk 0:01:54]} Rac8 {[%clk 0:01:43]} 18. g5
{[%clk 0:01:49]} Nh5 {[%clk 0:01:43]} 19. Rd2 {[%clk 0:01:34]} Nf4
{[%clk 0:01:36]} 20. Bh3 {[%clk 0:01:34]} Rcd8 {[%clk 0:00:54]} 21. Nd5
{[%clk 0:01:22]} Bxd5 {[%clk 0:00:36]} 22. exd5 {[%clk 0:01:23]} Rfe8
{[%clk 0:00:30]} 23. Rf1 {[%clk 0:01:14]} a5 {[%clk 0:00:26]} 24. gxh6
{[%clk 0:00:54]} Bxh6 {[%clk 0:00:26]} 25. Rdd1 {[%clk 0:00:53]} e4
{[%clk 0:00:23]} 26. Qg3 {[%clk 0:00:51]} e3 {[%clk 0:00:20]} 27. Rde1
{[%clk 0:00:40]} e2 {[%clk 0:00:19]} 28. Rh1 {[%clk 0:00:38]} Rxd5
{[%clk 0:00:19]} 29. Nc1 {[%clk 0:00:35]} Rd2 {[%clk 0:00:17]} 30. Bf5
{[%clk 0:00:33]} Qe5 {[%clk 0:00:13]} 31. Bd3 {[%clk 0:00:17]} Bg7
{[%clk 0:00:13]} 32. c3 {[%clk 0:00:11]} Rxb2+ {[%clk 0:00:13]} 0-1

[Event "blitmenteam"]
[Site "?"]
[Date "2016.10.07"]
[Round "1.11"]
[White "Bologan, Victor"]
[Black "Jary, Sergey"]
[Result "1-0"]
[LiveChessVersion "1.4.4"]
[BlackElo "2368"]
[WhiteElo "2601"]

1. e4 {[%clk 0:03:03]} e6 {[%clk 0:03:03]} 2. d3 {[%clk 0:03:02]} d5
{[%clk 0:03:04]} 3. Qe2 {[%clk 0:03:03]} Nf6 {[%clk 0:02:59]} 4. Nf3
{[%clk 0:03:02]} b5 {[%clk 0:02:48]} 5. exd5 {[%clk 0:02:31]} Nxd5
{[%clk 0:02:35]} 6. g3 {[%clk 0:02:32]} Bb7 {[%clk 0:02:31]} 7. Bg2
{[%clk 0:02:33]} Be7 {[%clk 0:02:28]} 8. O-O {[%clk 0:02:32]} O-O
{[%clk 0:02:28]} 9. c4 {[%clk 0:02:22]} Nb4 {[%clk 0:02:19]} 10. Rd1
{[%clk 0:02:16]} a6 {[%clk 0:02:07]} 11. Nc3 {[%clk 0:02:12]} bxc4
{[%clk 0:02:00]} 12. dxc4 {[%clk 0:02:13]} Qc8 {[%clk 0:01:57]} 13. a3
{[%clk 0:02:08]} N4c6 {[%clk 0:01:57]} 14. b4 {[%clk 0:02:09]} Nd7
{[%clk 0:01:57]} 15. Bb2 {[%clk 0:02:07]} Nf6 {[%clk 0:01:58]} 16. Nd5
{[%clk 0:01:40]} exd5 {[%clk 0:01:48]} 17. cxd5 {[%clk 0:01:41]} Re8
{[%clk 0:01:45]} 18. dxc6 {[%clk 0:01:35]} Bxc6 {[%clk 0:01:45]} 19. Qc2
{[%clk 0:00:47]} Be4 {[%clk 0:01:28]} 20. Qc3 {[%clk 0:00:41]} c5
{[%clk 0:01:21]} 21. bxc5 {[%clk 0:00:31]} Qxc5 {[%clk 0:01:20]} 22. Qxc5
{[%clk 0:00:31]} Bxc5 {[%clk 0:01:21]} 23. Bxf6 gxf6 {[%clk 0:01:23]} 24. Rd2
{[%clk 0:00:27]} Rad8 {[%clk 0:01:20]} 25. Re2 {[%clk 0:00:19]} Bd3
{[%clk 0:01:13]} 26. Rxe8+ Rxe8 27. Rc1 {[%clk 0:00:20]} Bf8 {[%clk 0:01:05]} 28.
a4 {[%clk 0:00:20]} Rb8 {[%clk 0:01:04]} 29. Nd4 {[%clk 0:00:19]} Rb1
{[%clk 0:01:03]} 30. Rxb1 {[%clk 0:00:20]} Bxb1 {[%clk 0:01:04]} 31. Bf1
{[%clk 0:00:19]} Bc5 {[%clk 0:00:44]} 32. Nb3 {[%clk 0:00:17]} Bb4
{[%clk 0:00:42]} 33. Bxa6 {[%clk 0:00:18]} Bc2 {[%clk 0:00:43]} 34. Bc4
{[%clk 0:00:19]} Kf8 {[%clk 0:00:42]} 35. Kg2 {[%clk 0:00:19]} Ke7
{[%clk 0:00:42]} 36. Kf3 {[%clk 0:00:21]} f5 {[%clk 0:00:42]} 37. Nd4
{[%clk 0:00:13]} Be4+ {[%clk 0:00:39]} 38. Ke2 {[%clk 0:00:13]} Bc5
{[%clk 0:00:33]} 39. Nb3 {[%clk 0:00:13]} Ba7 {[%clk 0:00:23]} 40. a5
{[%clk 0:00:14]} f6 {[%clk 0:00:24]} 41. a6 {[%clk 0:00:15]} Kd6 {[%clk 0:00:24]}
42. f3 {[%clk 0:00:15]} Bc6 {[%clk 0:00:22]} 43. Bd3 {[%clk 0:00:14]} Bd5
{[%clk 0:00:19]} 44. Nd2 {[%clk 0:00:14]} Be6 {[%clk 0:00:16]} 45. f4
{[%clk 0:00:15]} Kc5 {[%clk 0:00:08]} 46. Nf3 {[%clk 0:00:16]} Kb6
{[%clk 0:00:08]} 47. Nh4 {[%clk 0:00:16]} Bb3 {[%clk 0:00:07]} 48. Nxf5
{[%clk 0:00:17]} Bb8 {[%clk 0:00:07]} 49. Ne3 {[%clk 0:00:17]} Bg8
{[%clk 0:00:08]} 50. Bc4 {[%clk 0:00:18]} Bxc4+ {[%clk 0:00:07]} 51. Nxc4+
{[%clk 0:00:19]} Kb5 {[%clk 0:00:09]} 52. Kd3 {[%clk 0:00:20]} Kxa6 53. Kd4
{[%clk 0:00:21]} Kb5 {[%clk 0:00:12]} 54. Kd5 {[%clk 0:00:23]} Kb4
{[%clk 0:00:11]} 55. Nd6 {[%clk 0:00:21]} Kc3 {[%clk 0:00:12]} 56. Ne4+
{[%clk 0:00:22]} Kd3 {[%clk 0:00:14]} 57. Nxf6 {[%clk 0:00:23]} Ke3
{[%clk 0:00:15]} 58. Nxh7 {[%clk 0:00:24]} Kf3 {[%clk 0:00:17]} 59. f5
{[%clk 0:00:25]} 1-0

[Event "blitmenteam"]
[Site "?"]
[Date "2016.10.07"]
[Round "1.12"]
[White "Sanin, Andrey"]
[Black "Shariyazdanov, Andrey"]
[Result "0-1"]
[LiveChessVersion "1.4.4"]
[BlackElo "2482"]
[WhiteElo "2214"]

1. d4 {[%clk 0:03:04]} Nf6 {[%clk 0:02:57]} 2. c4 {[%clk 0:03:04]} e6
{[%clk 0:02:58]} 3. Nc3 {[%clk 0:03:04]} Bb4 {[%clk 0:02:59]} 4. g3
{[%clk 0:03:05]} O-O {[%clk 0:02:52]} 5. Bg2 {[%clk 0:03:04]} d5 {[%clk 0:02:53]}
6. Nf3 {[%clk 0:02:59]} dxc4 {[%clk 0:02:52]} 7. O-O {[%clk 0:02:54]} Nc6
{[%clk 0:02:53]} 8. e3 {[%clk 0:02:40]} Rb8 {[%clk 0:02:52]} 9. a4
{[%clk 0:02:37]} Na5 {[%clk 0:02:48]} 10. Ne5 {[%clk 0:02:35]} c5
{[%clk 0:02:43]} 11. dxc5 {[%clk 0:02:26]} Bxc5 {[%clk 0:02:35]} 12. Qe2
{[%clk 0:02:23]} Qe7 {[%clk 0:02:21]} 13. Nxc4 {[%clk 0:02:18]} Nb3
{[%clk 0:02:22]} 14. Rb1 {[%clk 0:02:16]} e5 {[%clk 0:02:23]} 15. Qc2
{[%clk 0:02:06]} Nxc1 {[%clk 0:02:20]} 16. Rbxc1 {[%clk 0:02:06]} Bg4
{[%clk 0:02:08]} 17. Ne4 {[%clk 0:01:44]} Bb4 {[%clk 0:02:03]} 18. Nxf6+ Qxf6
{[%clk 0:02:04]} 19. Qb3 {[%clk 0:01:27]} a5 {[%clk 0:02:03]} 20. e4
{[%clk 0:01:21]} Be2 {[%clk 0:02:02]} 21. Ne3 {[%clk 0:01:17]} Bxf1
{[%clk 0:01:59]} 22. Rxf1 {[%clk 0:01:07]} Bc5 {[%clk 0:01:59]} 23. Nd5
{[%clk 0:01:08]} Qd6 {[%clk 0:01:49]} 24. Qb5 {[%clk 0:01:05]} b6
{[%clk 0:01:48]} 25. b3 {[%clk 0:01:05]} Bd4 {[%clk 0:01:48]} 26. Rc1
{[%clk 0:00:57]} Rfc8 {[%clk 0:01:47]} 27. Rxc8+ {[%clk 0:00:50]} Rxc8
{[%clk 0:01:48]} 28. Bf1 {[%clk 0:00:51]} g6 {[%clk 0:01:43]} 29. Bc4
{[%clk 0:00:48]} Kg7 {[%clk 0:01:45]} 30. Kg2 {[%clk 4:04:15]} h5
{[%clk 0:01:39]} 31. h4 {[%clk 0:00:46]} Bc5 {[%clk 0:01:34]} 32. Be2
{[%clk 0:00:43]} Qe6 {[%clk 0:01:33]} 33. Qd3 {[%clk 0:00:41]} Bd4
{[%clk 0:01:33]} 34. Qf3 {[%clk 0:00:39]} Rc2 {[%clk 0:01:32]} 35. Qd3
{[%clk 0:00:31]} Rb2 {[%clk 0:01:32]} 36. Kg1 {[%clk 0:00:26]} Qd6
{[%clk 0:01:32]} 37. Qc4 {[%clk 0:00:21]} Qc5 {[%clk 0:01:32]} 38. Qxc5 Bxc5
{[%clk 0:01:33]} 39. Kf1 {[%clk 0:00:14]} Rxb3 {[%clk 0:01:32]} 40. Bb5
{[%clk 0:00:14]} Rb2 {[%clk 0:01:33]} 41. Be2 {[%clk 0:00:14]} Ra2
{[%clk 0:01:34]} 0-1